Operaciones en la cavidad abdominal / (Record no. 189689)

MARC details
000 -LEADER
campo de control de longitud fija 00795nam a2200217 i 4500
001 - NÚMERO DE CONTROL
campo de control 189689
003 - IDENTIFICADOR DE NÚMERO DE CONTROL
campo de control ES-MaACL
005 - FECHA Y HORA DE LA ÚLTIMA TRANSACCIÓN
campo de control 20251116063117.0
007 - CAMPO FIJO DE DESCRIPCIÓN FÍSICA--INFORMACIÓN GENERAL
campo de control de longitud fija t|
008 - DATOS DE LONGITUD FIJA--INFORMACIÓN GENERAL
campo de control de longitud fija 190905s1942 sp ||||1| spa d
100 1# - ENTRADA PRINCIPAL--NOMBRE DE PERSONA
Nombre de persona Kirschner, Martin,
Fechas asociadas al nombre 1879-1942
9 (RLIN) 68140
245 10 - MENCIÓN DEL TÍTULO
Título Operaciones en la cavidad abdominal /
Mención de responsabilidad, etc. por el Prof. Martin Kirschner ; traducción del alemán por el Dr. Emilio Ardévol.
260 ## - PUBLICACIÓN, DISTRIBUCIÓN, ETC.
Lugar de publicación, distribución, etc. Barcelona :
Nombre del editor, distribuidor, etc. Labor,
Fecha de publicación, distribución, etc. 1942.
300 ## - DESCRIPCIÓN FÍSICA
Extensión X, 604 p. : il. col. y n. ;
Dimensiones 25 cm.
490 1# - MENCIÓN DE SERIE
Mención de serie Tratado de técnica operatoria general y especial ;
Designación de volumen o secuencia 5
650 #4 - PUNTO DE ACCESO ADICIONAL DE MATERIA--TÉRMINO DE MATERIA
Término de materia o nombre geográfico como elemento de entrada Abdomen-
Subdivisión general Cirugía.
9 (RLIN) 146902
700 0# - ENTRADA AGREGADA--NOMBRE PERSONAL
Nombre de persona Ardevol, Emilio.
9 (RLIN) 22537
830 0# - PUNTO DE ACCESO ADICIONAL DE SERIE-TÍTULO UNIFORME
Título uniforme Tratado de técnica operatoria general y especial ;
Designación de volumen o secuencia 5
9 (RLIN) 193382
852 ## - LOCALIZACIÓN
Ubicación ES-MaACL
Número de control de estantería P-764-7
Holdings
Estatus retirado Estado de pérdida Estado de daño No para préstamo Biblioteca de origen Biblioteca actual Ubicación en estantería Fecha de adquisición Fuente de adquisición Total de préstamos Signatura topográfica completa Código de barras Visto por última vez Precio de reemplazo Tipo de ítem Koha
        Biblioteca del Ateneo de Madrid Biblioteca del Ateneo de Madrid Depósito 2 05/09/2019     P-764-7 1201070 23/02/2023 23/02/2023 Libro impreso